Statistics for Fandoms #1

Click here to take the quiz!

General Stats

  • This quiz has been taken 16 times
  • The average score is 3 of 10

Answer Stats

HintAnswer% Correct
JLoversJennifer Lopez
88%
ZepheadsLed Zeppelin
75%
DeadheadsThe Grateful Dead
56%
DunderheadsThe Office
38%
Black StarsAvril Lavigne
6%
JaneitesJane Austen
6%
The Bro ArmyPewDiePie
6%
Blue ArmyAerosmith
0%
YoungbloodsFall Out Boy
0%
SinnersPanic! At the Disco
0%

Score Distribution

Percentile by Number Answered

Percent of People with Each Score

Your Score History

You have not taken this quiz